| 000 | 00490nam a2200169Ia 4500 | ||
|---|---|---|---|
| 999 |
_c22372 _d22372 |
||
| 003 | OSt | ||
| 005 | 20211109115114.0 | ||
| 008 | 190216s9999||||xx |||||||||||||| ||und|| | ||
| 040 | _coclc | ||
| 082 |
_a297 _bRAN/N |
||
| 100 |
_aRandathani, Husain _91881 |
||
| 245 | 0 |
_aNisamuddeen Auliya / _cHusain Randathani |
|
| 260 |
_bPoomkavanam Books Publishers, _c1992. _aCalicut: |
||
| 300 | _a97p | ||
| 650 | _aHistorical Novel | ||
| 942 |
_cBK _2ddc _h297 _iRAN/N _k297 _mRAN/N |
||